Virgilio Piñera : digresiones sobre el cuerpo en algunos de sus cuentos /

Saved in:
Format: Book
Published: México : Fondo Nacional para la Cultura y las Artes. Universidad de Guanajuato, 2013
Edition:1a ed.
Series:Pequeña galería del escritor hispanoamericano; 2
LEADER 00537nam a22001337a 4500
003 AR-BeUNQ
005 20240312082030.0
999 |c 29568  |d 113368 
245 |a Virgilio Piñera :  |b digresiones sobre el cuerpo en algunos de sus cuentos /  |c Rogelio Castro Rocha. 
250 |a 1a ed. 
260 |a México :  |b Fondo Nacional para la Cultura y las Artes. Universidad de Guanajuato,  |c 2013 
490 1 |a Pequeña galería del escritor hispanoamericano;  |v 2 
929 |a DONACION  |b Margarita Pierini  |d 100,00  |e 20180220  |g 3252  |h 1  |o KM  |f PAT0068718  |l Estante C 
942 |c LIB  |n 0